Top 100 Baby Girl Names of the 1960's - Statistics

General Stats
  • This quiz has been taken 2,324 times
  • The average score is 54 of 100
Answer Stats
Rank Hint Answer % Correct
2 M Mary
97%
56 C Catherine
90%
77 K Katherine
90%
88 K Kathryn
90%
7 L Linda
89%
3 S Susan
87%
16 L Laura
86%
6 P Patricia
85%
17 E Elizabeth
84%
1 L Lisa
84%
4 K Karen
83%
90 S Sarah
82%
81 A Anne
81%
38 C Carol
81%
92 J Jane
81%
60 A Ann
80%
53 M Margaret
78%
49 M Maria
78%
20 J Jennifer
75%
18 J Julie
75%
27 C Christine
74%
12 D Deborah
72%
24 D Debra
72%
95 A Anna
71%
21 B Barbara
71%
36 D Diane
71%
8 D Donna
70%
63 D Diana
69%
47 J Janet
69%
43 K Kim
69%
41 R Rebecca
69%
50 M Michele
67%
9 M Michelle
67%
25 T Teresa
67%
42 T Theresa
67%
72 C Christina
65%
14 P Pamela
65%
30 K Kelly
64%
23 S Sharon
64%
11 S Sandra
63%
48 W Wendy
61%
35 A Amy
60%
33 M Melissa
60%
5 K Kimberly
59%
54 P Paula
59%
22 A Angela
58%
19 B Brenda
58%
32 K Kathleen
58%
26 N Nancy
58%
45 S Stephanie
57%
98 T Tracey
53%
39 T Tracy
53%
29 D Denise
49%
31 T Tina
49%
99 J Judith
48%
10 C Cynthia
47%
69 V Valerie
46%
67 B Beth
45%
76 C Cathy
45%
40 K Kathy
45%
13 T Tammy
45%
57 C Carolyn
44%
28 C Cheryl
44%
68 J Janice
44%
78 J Judy
43%
58 L Laurie
43%
51 J Jacqueline
42%
15 L Lori
42%
66 A Andrea
41%
74 L Lynn
41%
71 L Leslie
39%
94 M Martha
39%
37 D Dawn
38%
80 W Wanda
37%
83 J Joyce
35%
46 C Cindy
34%
52 D Debbie
34%
82 D Dana
33%
61 J Jill
33%
86 M Monica
33%
65 S Suzanne
33%
79 C Carla
32%
59 S Sheila
32%
87 B Bonnie
29%
44 R Rhonda
29%
64 T Terri
29%
62 C Connie
28%
73 G Gina
24%
55 S Sherry
24%
100 T Tamara
24%
85 B Beverly
23%
34 R Robin
22%
93 S Sherri
22%
97 V Vicki
22%
75 A Annette
21%
96 C Colleen
20%
89 A Anita
19%
91 D Darlene
19%
70 R Renee
18%
84 R Regina
16%
No matching quizzes found
Score Distribution
Percent of People with Each Score
Percentile by Number Answered
Your Score History
You have not taken this quiz